000 01397nam a22002297a 4500
001 6678
003 FISKH
005 20250520123341.0
008 250520b cb ||||| |||| 00| 0 eng d
040 _aFISKH
_bkhr
_cFISKH
_dFISKH
082 _a570​
100 _aKimeang, Chea
245 _aជីវវិទ្យា ថ្នាក់ទី១២ :
_bសំណួរ ចម្លើយ ភាគ​១ /
_cជា គឺមអៀង
260 _aភ្នំពេញ :
300 _a165 pages :
_billustrations ;
_c15 cm .
520 _aសៀវភៅ សំណួរ-ចម្លើយ ជីវវិទ្យា ថ្នាក់ទី ១២ ភាគ ១ ដែលរៀបរៀងដោយ ជា គឹមអៀង គឺជាឧបករណ៍សិក្សាសំខាន់សម្រាប់សិស្សថ្នាក់ទី ១២ ដែលចង់ត្រៀមខ្លួនសម្រាប់ការប្រឡងជីវវិទ្យា។
520 _aThis book provides summarized lessons and question-answer exercises related to the Grade 12 Biology Part 1 curriculum. It is designed to help students gain a clear understanding and retain important content for exam preparation."
650 _aសារពាង្គកាយ​
_vជីវវិទ្យា
650 _aBody
_vBiology
942 _2ddc
_cKHB
_n0
999 _c6678
_d6678